000 00188 a2200097 4500
020 _a9780875965611
041 _aeng
100 _aAnonimo
245 _a"Trees, shrubs and vines"
942 _cBK
999 _c7104
_d7104